[Event "19th ECh U20 Girls"]
[Site "Baku AZE"]
[Date "2002.07.14"]
[Round "1"]
[White "Khusnutdinova, Luiza"]
[Black "Ismailova, Aytaj"]
[Result "1-0"]
[WhiteElo "2312"]
[BlackElo "2157"]
[EventDate "2002.07.14"]
[PlyCount "53"]

1.d4 d5 2.Nf3 Nf6 3.c4 e6 4.Nc3 c6 5.e3 Nbd7 6.Qc2 Bd6 7.Be2 O-O 8.O-O Re8
9.Bd2 a6 10.h3 dxc4 11.Bxc4 b5 12.Be2 c5 13.Rfd1 Bb7 14.a3 Qb6 15.a4 cxd4 
16.exd4 b4 17.Nb1 Rec8 18.Qb3 a5 19.Bg5 Ne4 20.Nbd2 Nxg5 21.Nxg5 Bf4 22.
Ngf3 Bd5 23.Qd3 Qb7 24.Rac1 Nb6 25.b3 Bxd2 26.Rxc8+ Rxc8 27.Rxd2 1-0

[Event "19th ECh U20 Girls"]
[Site "Baku AZE"]
[Date "2002.07.14"]
[Round "1"]
[White "Khukhashvili, Sopiko"]
[Black "Mamedyarova, Turkan"]
[Result "1-0"]
[WhiteElo "2327"]
[BlackElo "2134"]
[EventDate "2002.07.14"]
[PlyCount "67"]

1.e4 e5 2.Nf3 Nc6 3.Bc4 Bc5 4.c3 Nf6 5.d3 d6 6.O-O O-O 7.Bg5 Bg4 8.Nbd2 a6
9.Bb3 Ba7 10.Qe2 Qe7 11.Nc4 Be6 12.Ne3 Bxb3 13.axb3 Qe6 14.Nh4 h6 15.Bxf6 
Qxf6 16.g3 Ne7 17.Kh1 Qe6 18.Nef5 Kh7 19.Nxe7 Qxe7 20.f4 exf4 21.Rxf4 Qe6 
22.Nf5 Rae8 23.c4 c6 24.Qd2 d5 25.Rg4 Rg8 26.Rf1 Rd8 27.Qc3 f6 28.Rh4 dxe4
29.Rxe4 Qd7 30.d4 Rge8 31.Rh4 Qf7 32.Qc2 Qg6 33.h3 h5 34.Ne7 1-0

[Event "19th ECh U20 Girls"]
[Site "Baku AZE"]
[Date "2002.07.14"]
[Round "1"]
[White "Polushkina, Svetlana"]
[Black "Javakhishvili, Lela"]
[Result "0-1"]
[WhiteElo "2131"]
[BlackElo "2319"]
[EventDate "2002.07.14"]
[PlyCount "62"]

1.d4 Nf6 2.c4 e6 3.g3 Bb4+ 4.Bd2 a5 5.Bg2 d5 6.a3 Be7 7.Nc3 O-O 8.Nf3 c6 
9.c5 Ne4 10.b4 Bf6 11.O-O axb4 12.axb4 Rxa1 13.Qxa1 Nxd2 14.Nxd2 Bxd4 15.
e3 Bf6 16.Qa3 Nd7 17.Rc1 Qc7 18.Nb3 h5 19.Ne2 g6 20.b5 cxb5 21.Ned4 Ne5 
22.Nxb5 Qb8 23.N3d4 Be7 24.Qb3 Bd7 25.e4 dxe4 26.Bxe4 Rc8 27.f4 Bxc5 28.
Rd1 Ng4 29.h3 Nf6 30.Bg2 Bxb5 31.Qxb5 Qa7 0-1

[Event "19th ECh U20 Girls"]
[Site "Baku AZE"]
[Date "2002.07.14"]
[Round "1"]
[White "Agaeva, Shahana"]
[Black "Charkhalashvili, Inga"]
[Result "1/2-1/2"]
[WhiteElo "2123"]
[BlackElo "2295"]
[EventDate "2002.07.14"]
[PlyCount "28"]

1.e4 c5 2.c3 Nf6 3.e5 Nd5 4.d4 cxd4 5.Nf3 Nc6 6.Bc4 Nb6 7.Bb3 dxc3 8.Nxc3 
e6 9.Ne4 Bb4+ 10.Bd2 d5 11.exd6 Bxd6 12.Bc3 Bb4 13.Qxd8+ Kxd8 14.O-O-O+ 
Kc7 1/2-1/2

[Event "19th ECh U20 Girls"]
[Site "Baku AZE"]
[Date "2002.07.14"]
[Round "1"]
[White "Mamedyarova, Zeinab"]
[Black "Esebua, Megi"]
[Result "1/2-1/2"]
[WhiteElo "2312"]
[BlackElo "2107"]
[EventDate "2002.07.14"]
[PlyCount "148"]

1.d4 d5 2.Nf3 Nf6 3.Bf4 e6 4.e3 c5 5.c3 Nc6 6.Nbd2 Nh5 7.Bg3 Nxg3 8.hxg3 
a6 9.Bd3 h6 10.a4 c4 11.Bc2 f5 12.Nh4 Qf6 13.Qh5+ Kd8 14.Ng6 Rg8 15.Ne5 
Nxe5 16.dxe5 Qxe5 17.Qf7 Rh8 18.Nxc4 Qc7 19.Qxc7+ Kxc7 20.Ne5 Bd6 21.Nf7 
Rf8 22.Nxd6 Kxd6 23.Rh4 Bd7 24.g4 f4 25.e4 Bc6 26.Rd1 Ke7 27.e5 b5 28.a5 
Rh8 29.Rd4 g5 30.Rh3 Bd7 31.Bd3 Rac8 32.Kd2 Be8 33.b3 Rc5 34.Be2 Bg6 35.g3
fxg3 36.Rxg3 Rf8 37.Ke1 Rh8 38.Kd2 Rf8 39.Ke1 Rh8 40.Kd2 Rf8 41.f3 Kf7 42.
f4 Kg7 43.f5 exf5 44.gxf5 Bxf5 45.b4 Rcc8 46.Rxd5 Rfd8 47.Rxd8 Rxd8+ 48.
Ke1 Be6 49.Rd3 Rxd3 50.Bxd3 h5 51.Kf2 h4 52.Be4 Bc8 53.Bd5 Kg6 54.Be4+ Kf7
55.Bd5+ Kg6 56.Be4+ Kf7 57.Bd5+ Kg6 58.c4 bxc4 59.Bxc4 Kf5 60.e6 Kf6 61.
Kf3 Bb7+ 62.Kg4 Bc8 63.Kf3 g4+ 64.Kxg4 Bxe6+ 65.Bxe6 Kxe6 66.b5 Kd6 67.b6 
Kc6 68.Kxh4 Kb7 69.Kg5 Kb8 70.Kf6 Kb7 71.Ke7 Kb8 72.Kd8 Kb7 73.Kd7 Kb8 74.
Kc6 Ka8 1/2-1/2

[Event "19th ECh U20 Girls"]
[Site "Baku AZE"]
[Date "2002.07.14"]
[Round "1"]
[White "Rzaeva, Svetlana"]
[Black "Dzagnidze, Nana"]
[Result "0-1"]
[WhiteElo "2073"]
[BlackElo "2281"]
[EventDate "2002.07.14"]
[PlyCount "60"]

1.e4 c5 2.Nf3 d6 3.d4 cxd4 4.Nxd4 Nf6 5.Nc3 a6 6.Be2 e5 7.Nb3 Be7 8.O-O 
O-O 9.Be3 Be6 10.a4 Nc6 11.Kh1 Rc8 12.f4 exf4 13.Bxf4 Ne5 14.Nd4 Qb6 15.
Rb1 Rfd8 16.Nf5 Bxf5 17.exf5 h6 18.Qd2 Bf8 19.Rfe1 Qb4 20.h3 Nc4 21.Bxc4 
Rxc4 22.Bh2 d5 23.Qd3 Rdc8 24.Na2 Qb6 25.c3 Ne4 26.Bg1 Qc7 27.Re3 Bd6 28.
g4 Rxa4 29.Qxd5 Nf6 30.Qb3 Qc6+ 0-1

[Event "19th ECh U20 Girls"]
[Site "Baku AZE"]
[Date "2002.07.14"]
[Round "1"]
[White "Melia, Salome"]
[Black "Kirik, Irina"]
[Result "1-0"]
[WhiteElo "2262"]
[BlackElo "2069"]
[EventDate "2002.07.14"]
[PlyCount "69"]

1.e4 c5 2.Nf3 d6 3.d4 cxd4 4.Nxd4 Nf6 5.Nc3 a6 6.Bg5 e6 7.Qd2 Be7 8.f3 O-O
9.O-O-O Qc7 10.g4 b5 11.h4 Bb7 12.a3 Rd8 13.h5 Nc6 14.Nxc6 Qxc6 15.Ne2 
Rac8 16.Nd4 Qc5 17.Be3 Qc7 18.g5 Nd7 19.g6 Nf8 20.h6 Nxg6 21.hxg7 d5 22.e5
Qxe5 23.f4 Qxg7 24.f5 exf5 25.Nxf5 Qe5 26.Nxe7+ Qxe7 27.Bd4 Qe4 28.Rh6 Rc6
29.Bg2 Qg4 30.Rdh1 Rdc8 31.c3 Rc4 32.Bh3 Qe4 33.Bxc8 Rxc8 34.Rxh7 Kf8 35.
Re1 1-0

[Event "19th ECh U20 Girls"]
[Site "Baku AZE"]
[Date "2002.07.14"]
[Round "1"]
[White "Topel, Zehra"]
[Black "Shukurova, Meihriban"]
[Result "0-1"]
[WhiteElo "2067"]
[BlackElo "2238"]
[EventDate "2002.07.14"]
[PlyCount "62"]

1.d4 Nf6 2.Nf3 g6 3.c4 Bg7 4.Nc3 d5 5.Qb3 dxc4 6.Qxc4 O-O 7.e4 Na6 8.Be2 
c5 9.d5 e6 10.O-O exd5 11.Nxd5 Nxd5 12.exd5 Bf5 13.Rd1 Re8 14.Bd3 Bd7 15.
a4 Qb6 16.Bd2 Nb4 17.Bc3 Nxd3 18.Qxd3 Bf5 19.Qd2 Bxc3 20.Qxc3 Re2 21.Rd2 
Rxd2 22.Qxd2 Rd8 23.Re1 Qb3 24.Re5 Be6 25.d6 Qb6 26.h3 Rxd6 27.Qc3 c4 28.
Rb5 Rd1+ 29.Kh2 Qc7+ 30.g3 a6 31.Re5 Rd3 0-1

[Event "19th ECh U20 Girls"]
[Site "Baku AZE"]
[Date "2002.07.14"]
[Round "1"]
[White "Zakurdiaeva, Irina"]
[Black "Hodova, Lucie"]
[Result "1-0"]
[WhiteElo "2236"]
[BlackElo "2060"]
[EventDate "2002.07.14"]
[PlyCount "55"]

1.e4 c5 2.Nf3 d6 3.d4 cxd4 4.Nxd4 Nf6 5.Nc3 a6 6.f3 e5 7.Nb3 h5 8.Be3 Be6 
9.Nd5 Bxd5 10.exd5 Nbd7 11.Qd2 Be7 12.O-O-O b5 13.Na5 Rc8 14.Nc6 Qc7 15.
Nxe7 Kxe7 16.Qf2 Qa5 17.Kb1 b4 18.Bg5 Rc5 19.Bd3 Rhc8 20.f4 Kf8 21.fxe5 
dxe5 22.Bf5 Rb8 23.Rhf1 Rb7 24.Bxd7 Rxd7 25.Bxf6 gxf6 26.d6 Rd5 27.Qxf6 
Kg8 28.Qg5+ 1-0

[Event "19th ECh U20 Girls"]
[Site "Baku AZE"]
[Date "2002.07.14"]
[Round "1"]
[White "Mammadova, Nargiz"]
[Black "Makka, Ioulia"]
[Result "0-1"]
[WhiteElo "2058"]
[BlackElo "2196"]
[EventDate "2002.07.14"]
[PlyCount "86"]

1.Nf3 Nf6 2.c4 c5 3.g3 Nc6 4.Bg2 g6 5.O-O Bg7 6.Nc3 O-O 7.a3 d6 8.d3 Bd7 
9.Rb1 Qc8 10.Re1 Bh3 11.Bh1 a6 12.Bg5 h6 13.Bd2 Rb8 14.b4 cxb4 15.axb4 b5 
16.cxb5 axb5 17.d4 e5 18.d5 Ne7 19.e4 Qb7 20.Qe2 Rfc8 21.Ra1 Rc4 22.Reb1 
Qc8 23.Qd3 Ne8 24.Ra5 f5 25.Ne1 fxe4 26.Bxe4 Nf6 27.f3 Nxe4 28.fxe4 Rd4 
29.Qe2 Bg4 30.Qe3 Qc4 31.Ra7 Rf8 32.Nc2 Rd3 33.Qe1 Nc8 34.Raa1 Bh3 35.Ne3 
Qd4 36.Nxb5 Qxe4 37.Qe2 Rf3 38.Nc3 Rxc3 39.Bxc3 Rxe3 40.Qf2 Rxc3 41.Rb2 
Rf3 42.Qd2 Qc4 43.Rbb1 e4 0-1

[Event "19th ECh U20 Girls"]
[Site "Baku AZE"]
[Date "2002.07.14"]
[Round "1"]
[White "Jurkiewicz, Katarzyna"]
[Black "Isgandarova, Khayala"]
[Result "1-0"]
[WhiteElo "2190"]
[BlackElo "2047"]
[EventDate "2002.07.14"]
[PlyCount "51"]

1.f4 d5 2.Nf3 Nf6 3.g3 g6 4.Bg2 Bg7 5.O-O O-O 6.d3 c5 7.Nc3 Nc6 8.e4 dxe4 
9.dxe4 Qc7 10.e5 Rd8 11.Qe1 Ne8 12.Be3 Bf5 13.Qf2 Nb4 14.Nh4 Rac8 15.Nxf5 
gxf5 16.a3 Na6 17.Qf3 Rd7 18.g4 fxg4 19.Qxg4 e6 20.Ne4 Kh8 21.Rf3 Qb6 22.
Qh5 h6 23.Rd1 Qd8 24.Rg3 Qe7 25.f5 f6 26.Bxh6 1-0

[Event "19th ECh U20 Girls"]
[Site "Baku AZE"]
[Date "2002.07.15"]
[Round "2"]
[White "Charkhalashvili, Inga"]
[Black "Mamedyarova, Zeinab"]
[Result "1-0"]
[WhiteElo "2295"]
[BlackElo "2312"]
[EventDate "2002.07.14"]
[PlyCount "145"]

1.d4 Nf6 2.c4 g6 3.Nc3 Bg7 4.e4 d6 5.f3 O-O 6.Be3 b6 7.Be2 c5 8.d5 e6 9.
Qd2 exd5 10.cxd5 Re8 11.Bg5 a6 12.a4 Nbd7 13.Nh3 Qe7 14.Nf2 Qf8 15.O-O h6 
16.Be3 Ne5 17.h3 g5 18.f4 gxf4 19.Bxf4 Kh7 20.Rae1 Ra7 21.Qc2 Nfd7 22.Bg3 
Qe7 23.Nfd1 Ng6 24.Bg4 Nde5 25.Bf5 Qg5 26.Kh2 Kh8 27.Ne3 Bd7 28.Qe2 Bf8 
29.Bxd7 Rxd7 30.Qxa6 Rb8 31.Qb5 Rdb7 32.Rf5 Qd8 33.Ref1 Rc7 34.Nc4 Bg7 35.
Nxb6 c4 36.a5 Rc5 37.Qa4 Nd3 38.Qc2 Nxb2 39.Qxb2 Rxa5 40.Bf2 Ne5 41.Qb4 
Ra6 42.Nca4 Qc7 43.Qb5 Qa7 44.Be3 Kg8 45.Qb4 Qc7 46.Qd2 c3 47.Qe2 Raxb6 
48.Nxb6 Rxb6 49.Bxb6 Qxb6 50.Kh1 Qb3 51.R5f2 Qb4 52.Rc1 Qd4 53.Rff1 Qb4 
54.Qe3 Nc4 55.Qf2 Qb7 56.Qg3 Qb4 57.e5 Nxe5 58.Qxc3 Qxc3 59.Rxc3 Kh7 60.
Rc8 Kg6 61.Rd8 Nc4 62.Rf4 Ne5 63.Rxd6+ f6 64.Re6 Nd3 65.Rg4+ Kf7 66.Ra6 
Nf2+ 67.Kh2 Nxg4+ 68.hxg4 Bf8 69.Kg3 Bc5 70.Rc6 Bd4 71.Kf4 Kg6 72.d6 Kf7 
73.Kf5 1-0

[Event "19th ECh U20 Girls"]
[Site "Baku AZE"]
[Date "2002.07.15"]
[Round "2"]
[White "Javakhishvili, Lela"]
[Black "Zakurdiaeva, Irina"]
[Result "0-1"]
[WhiteElo "2319"]
[BlackElo "2236"]
[EventDate "2002.07.14"]
[PlyCount "60"]

1.d4 d5 2.c4 c6 3.Nf3 Nf6 4.Qc2 g6 5.Bf4 Na6 6.e3 Bf5 7.Qb3 Nb4 8.Qxb4 e5 
9.Qxb7 Rb8 10.Qxa7 exf4 11.Ne5 Bb4+ 12.Nc3 O-O 13.Nxc6 Qd6 14.Nxb8 fxe3 
15.f3 Ne4 16.fxe4 Bxc3+ 17.bxc3 Qf4 18.Be2 Qf2+ 19.Kd1 Bg4 20.Kc2 Qxe2+ 
21.Kb3 Qxc4+ 22.Kc2 Rc8 23.Nc6 Rxc6 24.Qb8+ Rc8 25.Qb3 Qe2+ 26.Kb1 Qxg2 
27.Rc1 Qxh2 28.Rc2 e2 29.Kb2 Rb8 30.Re1 Rxb3+ 0-1

[Event "19th ECh U20 Girls"]
[Site "Baku AZE"]
[Date "2002.07.15"]
[Round "2"]
[White "Makka, Ioulia"]
[Black "Khukhashvili, Sopiko"]
[Result "1-0"]
[WhiteElo "2196"]
[BlackElo "2327"]
[EventDate "2002.07.14"]
[PlyCount "101"]

1.e4 c5 2.Nf3 d6 3.d4 cxd4 4.Nxd4 Nf6 5.Nc3 Nc6 6.Be2 e5 7.Nf3 h6 8.O-O 
Be7 9.Re1 O-O 10.h3 Be6 11.Bf1 Nb8 12.a4 Nbd7 13.a5 a6 14.Nd5 Nxd5 15.exd5
Bf5 16.c4 Bg6 17.b4 f5 18.Bb2 Bh5 19.Qb3 Bf6 20.Nd2 e4 21.Bxf6 Qxf6 22.
Rac1 Rac8 23.Qa3 Bf7 24.Qa1 Qg5 25.Qd4 Rfe8 26.Rc3 Re5 27.f3 Rce8 28.fxe4 
Qf6 29.Rf3 Qe7 30.Rfe3 Bh5 31.Be2 Bxe2 32.R3xe2 Kh8 33.Re3 Nf6 34.Nf3 Rxe4
35.Rxe4 fxe4 36.Nh4 Kh7 37.Nf5 Qc7 38.Ne3 Nh5 39.Qb6 Qxb6 40.axb6 Rc8 41.
Rf1 Kg6 42.Rf2 Nf6 43.Rf4 Kh7 44.Kf2 Re8 45.c5 Nd7 46.Rf7 Rd8 47.Rxd7 Rxd7
48.c6 Rd8 49.c7 Rf8+ 50.Ke2 Kg6 51.Nc4 1-0

[Event "19th ECh U20 Girls"]
[Site "Baku AZE"]
[Date "2002.07.15"]
[Round "2"]
[White "Milliet, Sophie"]
[Black "Khusnutdinova, Luiza"]
[Result "0-1"]
[WhiteElo "2173"]
[BlackElo "2312"]
[EventDate "2002.07.14"]
[PlyCount "138"]

1.e4 c6 2.d4 d5 3.Nc3 dxe4 4.Nxe4 Bf5 5.Ng3 Bg6 6.Nh3 e6 7.Nf4 Bd6 8.Ngh5 
Bf8 9.Be2 Nd7 10.O-O Qc7 11.c3 Ngf6 12.Qa4 Nb6 13.Nxf6+ gxf6 14.Qa5 Bd6 
15.g3 Rg8 16.Nh5 Nd7 17.Qxc7 Bxc7 18.Be3 O-O-O 19.c4 Kb8 20.b4 Bf5 21.Nf4 
e5 22.Ng2 Nb6 23.Rad1 Bg4 24.f3 Be6 25.dxe5 Bxc4 26.Bxc4 Nxc4 27.exf6 Nxe3
28.Nxe3 Bb6 29.Kf2 Rde8 30.Rfe1 Rg6 31.f4 Rxf6 32.Kf3 Rfe6 33.Ng2 Kc7 34.
Rxe6 Rxe6 35.f5 Re5 36.g4 f6 37.Rd2 a5 38.a3 axb4 39.axb4 Rb5 40.Rb2 Bc5 
41.Nf4 Bxb4 42.Ne6+ Kd7 43.h4 h6 44.Nd4 Rb6 45.Ne6 Ba5 46.Nc5+ Kc7 47.Re2 
Bb4 48.Ne6+ Kd7 49.g5 fxg5 50.hxg5 hxg5 51.f6 Bd6 52.f7 Rb1 53.Kg4 Rf1 54.
Nxg5 Be7 55.Nf3 c5 56.Ne5+ Kc7 57.Rd2 Bd6 58.Nf3 Be7 59.Re2 Kd6 60.Rb2 Ke6
61.Ng5+ Bxg5 62.Kxg5 Rxf7 63.Kg6 Rc7 64.Kg5 Kd5 65.Kf4 Re7 66.Rd2+ Kc4 67.
Rc2+ Kd4 68.Rd2+ Kc3 69.Rd6 b5 0-1

[Event "19th ECh U20 Girls"]
[Site "Baku AZE"]
[Date "2002.07.15"]
[Round "2"]
[White "Dzagnidze, Nana"]
[Black "Jurkiewicz, Katarzyna"]
[Result "1-0"]
[WhiteElo "2281"]
[BlackElo "2190"]
[EventDate "2002.07.14"]
[PlyCount "69"]

1.d4 f5 2.Bg5 h6 3.Bh4 g5 4.Bg3 Nf6 5.e4 f4 6.e5 e6 7.exf6 Qxf6 8.Bd3 Nc6 
9.Qh5+ Kd8 10.c3 Bg7 11.Ne2 fxg3 12.fxg3 Rf8 13.Nd2 Qf2+ 14.Kd1 Qf7 15.Bg6
Qe7 16.Kc2 d5 17.Rhf1 e5 18.Rxf8+ Bxf8 19.Rf1 Qd6 20.Bh7 Be7 21.h3 exd4 
22.Nxd4 Nxd4+ 23.cxd4 Be6 24.Re1 c5 25.dxc5 Qxc5+ 26.Kb1 Qb6 27.Qe2 Bf6 
28.Nb3 Bd7 29.Rd1 Qd6 30.Be4 Bc6 31.Qd2 Kc7 32.Bxd5 Rd8 33.Bxc6 Qe5 34.Bd7
Qe4+ 35.Ka1 1-0

[Event "19th ECh U20 Girls"]
[Site "Baku AZE"]
[Date "2002.07.15"]
[Round "2"]
[White "Shukurova, Meihriban"]
[Black "Khudaverdieva, Afag"]
[Result "1/2-1/2"]
[WhiteElo "2238"]
[BlackElo "2043"]
[EventDate "2002.07.14"]
[PlyCount "103"]

1.e4 e6 2.d4 d5 3.Nc3 Nf6 4.Bg5 Bb4 5.e5 h6 6.Bd2 Bxc3 7.bxc3 Ne4 8.Qg4 g6
9.Bd3 Nxd2 10.Kxd2 c5 11.h4 Nc6 12.Nf3 cxd4 13.cxd4 Qa5+ 14.c3 b6 15.Qf4 
Ba6 16.Qf6 Rg8 17.Bc2 Rc8 18.Rh3 Qb5 19.Qf4 Na5 20.Ng1 Nc4+ 21.Kd1 Nb2+ 
22.Kc1 Na4 23.Rb1 Qc4 24.Rf3 Rc7 25.Bb3 Qc6 26.Bxa4 Qxa4 27.Rb2 g5 28.hxg5
hxg5 29.Qd2 Qc4 30.Ne2 Qxe2 31.Qxe2 Bxe2 32.Rxe2 Ke7 33.Rb2 Rh8 34.Kd2 Rh1
35.Rc2 b5 36.Rg3 f6 37.f4 Rh5 38.fxg5 Rxg5 39.Rxg5 fxg5 40.Rc1 Rc4 41.Rb1 
a6 42.Kd3 Ra4 43.Rb2 Ra3 44.Kd2 Kf7 45.Rc2 a5 46.Kc1 b4 47.Kb2 g4 48.Rf2+ 
Ke7 49.Rc2 Kf7 50.Rf2+ Ke7 51.Rc2 Kf7 52.Rf2+ 1/2-1/2

[Event "19th ECh U20 Girls"]
[Site "Baku AZE"]
[Date "2002.07.15"]
[Round "2"]
[White "Kirik, Irina"]
[Black "Buckley, Melanie"]
[Result "1-0"]
[WhiteElo "2069"]
[BlackElo "2184"]
[EventDate "2002.07.14"]
[PlyCount "117"]

1.e4 e6 2.d4 d5 3.e5 c5 4.c3 Nc6 5.Nf3 Qb6 6.a3 a5 7.Be2 Bd7 8.O-O a4 9.
Re1 Na5 10.Nbd2 Ne7 11.dxc5 Qxc5 12.c4 Ng6 13.b4 axb3 14.Nxb3 Qb6 15.Nxa5 
Rxa5 16.Be3 Bc5 17.Rb1 Qc7 18.Bxc5 Rxc5 19.Qd4 O-O 20.Rxb7 Qxb7 21.Qxc5 
Rc8 22.Qd4 dxc4 23.Bxc4 Bc6 24.Be2 Bd5 25.a4 Qa8 26.h4 Qa5 27.Kf1 Ra8 28.
h5 Ne7 29.Ra1 Rb8 30.Qd2 Qc5 31.a5 Nf5 32.Rc1 Qa3 33.Ne1 h6 34.Qc3 Rb3 35.
Qc8+ Kh7 36.a6 Rb2 37.Bd3 Rb8 38.Bxf5+ exf5 39.Qxf5+ Kg8 40.Rc8+ Rxc8 41.
Qxc8+ Kh7 42.f3 Qa2 43.Qf5+ Kg8 44.Qc8+ Kh7 45.Qc2+ Qxc2 46.Nxc2 Bc4+ 47.
Kf2 Bxa6 48.Ke3 Bc4 49.Nd4 Kg8 50.Kf4 Bd3 51.g4 g6 52.hxg6 Bxg6 53.Nf5 Kh7
54.Nd6 Kg7 55.Kg3 Bd3 56.Kh4 f6 57.e6 Kf8 58.Nf5 Bc4 59.e7+ 1-0

[Event "19th ECh U20 Girls"]
[Site "Baku AZE"]
[Date "2002.07.15"]
[Round "2"]
[White "Esebua, Megi"]
[Black "Agaeva, Shahana"]
[Result "1-0"]
[WhiteElo "2107"]
[BlackElo "2123"]
[EventDate "2002.07.14"]
[PlyCount "146"]

1.e4 d6 2.d4 Nf6 3.Nc3 g6 4.Be2 Bg7 5.Be3 O-O 6.h3 c6 7.a4 a5 8.Nf3 Qc7 9.
Qd2 Re8 10.O-O e5 11.dxe5 dxe5 12.Rfd1 Nbd7 13.Rab1 b6 14.Bc4 Ba6 15.Bxa6 
Rxa6 16.Qe2 Raa8 17.Qc4 Rac8 18.Ne1 Nf8 19.b4 N6d7 20.bxa5 bxa5 21.Rb2 Ne6
22.Rdb1 Rb8 23.Nd3 Bf8 24.g3 Bd6 25.Ne2 Rxb2 26.Rxb2 Rb8 27.Rxb8+ Nxb8 28.
Bd2 Qb6 29.Kg2 Nd7 30.f4 exf4 31.gxf4 Bf8 32.Nec1 Ndc5 33.Be3 Qa6 34.Qxa6 
Nxa6 35.Nb3 Nb4 36.Ne1 Bd6 37.f5 gxf5 38.exf5 Nf4+ 39.Bxf4 Bxf4 40.Nd3 
Nxd3 41.cxd3 Bc7 42.Nd4 c5 43.Nb3 Bb6 44.Kf3 Kg7 45.Ke4 Kf6 46.h4 h5 47.
Nc1 Bd8 48.Ne2 Kg7 49.Nf4 Bxh4 50.Nxh5+ Kh6 51.Nf4 Kg5 52.Nd5 Be1 53.Ne3 
Bd2 54.Nc4 Bb4 55.Ne5 Kf6 56.Ng4+ Kg5 57.Ne3 Bd2 58.Nd5 Be1 59.Nc7 Bb4 60.
Ne8 Bc3 61.Nd6 Kf6 62.Kd5 Bb4 63.Kc4 Ba3 64.Kb5 Bb4 65.Kc4 Ba3 66.Kb5 Bb4 
67.Kc6 Ba3 68.Nb7 Bb4 69.Nxc5 Bxc5 70.Kxc5 Kxf5 71.d4 Ke6 72.Kc6 Ke7 73.d5
Kd8 1-0

[Event "19th ECh U20 Girls"]
[Site "Baku AZE"]
[Date "2002.07.15"]
[Round "2"]
[White "Ismailova, Aytaj"]
[Black "Mammadova, Nargiz"]
[Result "1-0"]
[WhiteElo "2157"]
[BlackElo "2058"]
[EventDate "2002.07.14"]
[PlyCount "157"]

1.e4 c5 2.Nf3 d6 3.d4 cxd4 4.Nxd4 Nf6 5.Nc3 e6 6.Bg5 Be7 7.Qf3 Bd7 8.O-O-O
O-O 9.Kb1 Nc6 10.Be2 a6 11.Nb3 b5 12.Bxf6 Bxf6 13.Rxd6 Ne5 14.Qg3 b4 15.
Nd1 a5 16.f4 Ng6 17.Ne3 Be7 18.Rd2 a4 19.Nd4 Qc7 20.e5 a3 21.b3 Bc5 22.Nc4
Ne7 23.Bf3 Rac8 24.Be4 Nd5 25.Re1 g6 26.Rd3 Qa7 27.Qf2 Rfd8 28.Qd2 Be8 29.
Nf3 Bc6 30.Bxd5 Rxd5 31.Rxd5 Bxd5 32.Ne3 Rd8 33.Nxd5 Rxd5 34.Qe2 Qd7 35.
Kc1 Bb6 36.Nd2 Rd4 37.Ne4 Kg7 38.g3 Qc6 39.Kb1 Rd8 40.Qf3 Qd5 41.Qe2 Qd4 
42.c4 bxc3 43.Kc2 Qd5 44.Rd1 Bd4 45.Nf6 Qc6 46.Qe4 Qb6 47.Qd3 Qc6 48.Qe4 
Qb6 49.Qe2 Qc6 50.Ne4 Qd5 51.Ng5 Qc6 52.Qe4 Qb6 53.Qg2 Be3 54.Rxd8 Qxd8 
55.Qe2 Qb6 56.Ne4 Qa7 57.Nf6 Bd2 58.Ne4 Be3 59.Nd6 Bc5 60.Ne4 Be3 61.Qd3 
Bg1 62.h3 Bd4 63.Nd6 Qc5 64.Qc4 Qb6 65.Qb5 Qxb5 66.Nxb5 Bf2 67.Nxc3 Bxg3 
68.Ne2 Bf2 69.b4 g5 70.Kb3 Kg6 71.Kxa3 Kf5 72.fxg5 Kxe5 73.b5 Kd6 74.Kb4 
Kc7 75.Nc3 Be1 76.Kc4 Bf2 77.Ne4 Be1 78.Nf6 Bd2 79.Nxh7 1-0

[Event "19th ECh U20 Girls"]
[Site "Baku AZE"]
[Date "2002.07.15"]
[Round "2"]
[White "Mamedyarova, Turkan"]
[Black "Topel, Zehra"]
[Result "0-1"]
[WhiteElo "2134"]
[BlackElo "2067"]
[EventDate "2002.07.14"]
[PlyCount "118"]

1.e4 c6 2.c4 d5 3.cxd5 cxd5 4.exd5 Nf6 5.Bb5+ Bd7 6.Bc4 b5 7.Bb3 a5 8.a3 
a4 9.Ba2 Bg4 10.f3 Bf5 11.Nc3 Bd3 12.Nge2 Qd6 13.O-O Nbd7 14.Kh1 Nb6 15.
Bb1 Bxb1 16.Rxb1 Qd7 17.d4 Nbxd5 18.Qd3 b4 19.Ne4 e6 20.Bd2 b3 21.Rfc1 Be7
22.Nc5 Bxc5 23.dxc5 O-O 24.Bg5 Qc7 25.Nd4 Qe5 26.Bxf6 Qxf6 27.Qe4 Rfc8 28.
Rc4 Qg6 29.Nb5 Ra5 30.Nd6 Raxc5 31.Rbc1 Rxc4 32.Rxc4 Rxc4 33.Nxc4 Qxe4 34.
fxe4 Nf6 35.Nb6 Nxe4 36.Nxa4 Kf8 37.g3 Ke7 38.Kg2 Kd6 39.Kf3 f5 40.Ke3 e5 
41.Nb6 Nc5 42.Nc4+ Ke6 43.Kd2 Kd5 44.Kc3 f4 45.gxf4 exf4 46.a4 Nxa4+ 47.
Kxb3 f3 48.Ne3+ Ke4 49.Nf1 Nc5+ 50.Kc4 Nd7 51.b4 f2 52.b5 Kf3 53.Kd3 g5 
54.Nd2+ Kg2 55.Ke2 g4 56.Nf1 h5 57.Ng3 h4 58.Nf1 g3 59.h3 Kh1 0-1

[Event "19th ECh U20 Girls"]
[Site "Baku AZE"]
[Date "2002.07.15"]
[Round "2"]
[White "Hodova, Lucie"]
[Black "Polushkina, Svetlana"]
[Result "0-1"]
[WhiteElo "2060"]
[BlackElo "2131"]
[EventDate "2002.07.14"]
[PlyCount "62"]

1.e4 c6 2.d4 d5 3.Nd2 dxe4 4.Nxe4 Bf5 5.Ng3 Bg6 6.h4 h6 7.Nf3 Nf6 8.Ne5 
Bh7 9.Bd3 Bxd3 10.Qxd3 e6 11.Bd2 Be7 12.O-O-O Nbd7 13.f4 O-O 14.Qf3 Qc7 
15.Nh5 Nxh5 16.Qxh5 Nxe5 17.dxe5 Rfd8 18.Qf3 Rd4 19.g4 Rad8 20.g5 Qd7 21.
Rh2 h5 22.Qxh5 Qd5 23.b3 Ba3+ 24.Kb1 Bb4 25.g6 fxg6 26.Qxg6 Rxd2 27.Rdxd2 
Bxd2 28.Rg2 Qd7 29.Rg3 Qf7 30.Qg5 Rd4 31.Rd3 Bxf4 0-1

[Event "19th ECh U20 Girls"]
[Site "Baku AZE"]
[Date "2002.07.15"]
[Round "2"]
[White "Isgandarova, Khayala"]
[Black "Rzaeva, Svetlana"]
[Result "1-0"]
[WhiteElo "2047"]
[BlackElo "2073"]
[EventDate "2002.07.14"]
[PlyCount "75"]

1.e4 c5 2.Nf3 Nc6 3.d4 cxd4 4.Nxd4 g6 5.c4 Bg7 6.Be3 Nf6 7.Nc3 O-O 8.Be2 
b6 9.O-O Bb7 10.f3 e6 11.Qd2 d5 12.Nxc6 Bxc6 13.cxd5 exd5 14.e5 Ne8 15.f4 
Nc7 16.Rad1 Qd7 17.Bf3 Rfd8 18.Qf2 Qe6 19.Ne2 Bb5 20.Nd4 Qe8 21.Rfe1 Bf8 
22.f5 Bb4 23.Bd2 Bc5 24.b4 Bf8 25.a3 Bc4 26.Bg5 Rdc8 27.e6 fxe6 28.Nxe6 
Nxe6 29.Rxe6 Qd7 30.Re5 Qa4 31.Bxd5+ Bxd5 32.Rexd5 Re8 33.Rd7 Qb3 34.fxg6 
hxg6 35.Qh4 Bg7 36.Rxg7+ Kxg7 37.Rd7+ Qf7 38.Bf6+ 1-0

[Event "19th ECh U20 Girls"]
[Site "Baku AZE"]
[Date "2002.07.16"]
[Round "3"]
[White "Zakurdiaeva, Irina"]
[Black "Dzagnidze, Nana"]
[Result "0-1"]
[WhiteElo "2236"]
[BlackElo "2281"]
[EventDate "2002.07.14"]
[PlyCount "70"]

1.e4 c5 2.Nf3 d6 3.d4 cxd4 4.Nxd4 Nf6 5.Nc3 a6 6.f3 e5 7.Nb3 Be6 8.Be3 
Nbd7 9.g4 b5 10.g5 b4 11.Ne2 Nh5 12.Qd2 a5 13.Ng3 Nxg3 14.hxg3 a4 15.Nc1 
Qa5 16.f4 g6 17.Bg2 Bg7 18.f5 gxf5 19.exf5 Bxf5 20.Bxa8 Qxa8 21.O-O Bh3 
22.Rf2 d5 23.Qe2 Be6 24.Bd2 e4 25.Bxb4 Bxb2 26.Rb1 Be5 27.Rf4 Rg8 28.Qh5 
Qa7+ 29.Kg2 h6 30.g6 Bxf4 31.Qh4 Bg5 32.gxf7+ Bxf7 33.Qh3 Qe3 34.Nd3 Qf3+ 
35.Kh2 exd3 0-1

[Event "19th ECh U20 Girls"]
[Site "Baku AZE"]
[Date "2002.07.16"]
[Round "3"]
[White "Khusnutdinova, Luiza"]
[Black "Makka, Ioulia"]
[Result "1-0"]
[WhiteElo "2312"]
[BlackElo "2196"]
[EventDate "2002.07.14"]
[PlyCount "75"]

1.d4 d5 2.Nf3 Nf6 3.c4 c6 4.Nc3 a6 5.c5 Nbd7 6.Bf4 Nh5 7.Bd2 g6 8.e4 dxe4 
9.Nxe4 Ndf6 10.Nxf6+ exf6 11.Bc4 Qe7+ 12.Qe2 Qxe2+ 13.Kxe2 Ng7 14.Rhe1 Be6
15.b3 O-O-O 16.Kf1 Bd5 17.Ba5 Rd7 18.Rad1 Ne6 19.Nd2 b5 20.cxb6 Kb7 21.Ne4
Be7 22.Nc3 Rc8 23.Bxd5 cxd5 24.Na4 Rdd8 25.b4 Rc4 26.Nc5+ Bxc5 27.dxc5 Kc6
28.a4 Rb8 29.Rd2 f5 30.Rde2 Re4 31.f3 Rxe2 32.Rxe2 d4 33.Re5 Re8 34.Ke1 f6
35.Re2 Kd5 36.Kd2 f4 37.b7 Rb8 38.c6 1-0

[Event "19th ECh U20 Girls"]
[Site "Baku AZE"]
[Date "2002.07.16"]
[Round "3"]
[White "Khukhashvili, Sopiko"]
[Black "Ismailova, Aytaj"]
[Result "1-0"]
[WhiteElo "2327"]
[BlackElo "2157"]
[EventDate "2002.07.14"]
[PlyCount "63"]

1.e4 c5 2.Nf3 d6 3.d4 cxd4 4.Nxd4 Nf6 5.Nc3 a6 6.Be2 e5 7.Nb3 Be7 8.O-O 
O-O 9.f4 Qc7 10.a4 Be6 11.Kh1 Nbd7 12.a5 Rfc8 13.Be3 Bc4 14.Bxc4 Qxc4 15.
Qf3 Qc6 16.g4 Bf8 17.Nc1 exf4 18.Bxf4 Nc5 19.Nb3 Ncxe4 20.Nd4 Qc5 21.Nxe4 
Qxd4 22.Nc3 d5 23.g5 Ne4 24.Rad1 Qb4 25.Nxd5 Qxb2 26.Qxe4 Qxc2 27.Qxc2 
Rxc2 28.Rfe1 Bc5 29.Rc1 Bf2 30.Rf1 Ra2 31.Nc3 Rb2 32.Nd1 1-0

[Event "19th ECh U20 Girls"]
[Site "Baku AZE"]
[Date "2002.07.16"]
[Round "3"]
[White "Mamedyarova, Zeinab"]
[Black "Agaeva, Shahana"]
[Result "1-0"]
[WhiteElo "2312"]
[BlackElo "2123"]
[EventDate "2002.07.14"]
[PlyCount "141"]

1.d4 d5 2.Nc3 Nf6 3.Bg5 Nbd7 4.f3 c6 5.e4 dxe4 6.fxe4 Qa5 7.Qd2 e6 8.Bd3 
h6 9.Bh4 Be7 10.Nf3 e5 11.O-O-O O-O 12.Kb1 exd4 13.Nd5 Qd8 14.Nxe7+ Qxe7 
15.Nxd4 Qe5 16.Nf3 Qe6 17.Rde1 c5 18.Qe2 Ne5 19.Nxe5 Qxe5 20.Bg3 Qd4 21.c3
Qd8 22.h3 Be6 23.Rhf1 Qa5 24.Bc4 Bxc4 25.Qxc4 Rac8 26.Rd1 b5 27.Qe2 Qa4 
28.Rfe1 Rfd8 29.Rxd8+ Rxd8 30.Bh4 g5 31.Bf2 Nxe4 32.Be3 Qa6 33.Bc1 f5 34.
g4 Re8 35.Qf1 f4 36.Ka1 Nf6 37.Rxe8+ Nxe8 38.Qe2 Qc6 39.c4 b4 40.a3 Kf7 
41.axb4 cxb4 42.b3 Nf6 43.Bb2 Qe4 44.Qd2 f3 45.Ka2 Qe2 46.Qd4 Qe7 47.c5 
Ne4 48.Qg7+ Ke8 49.Qg8+ Kd7 50.Qd5+ Ke8 51.Qg8+ Kd7 52.Qd5+ Ke8 53.c6 f2 
54.Qg8+ Qf8 55.Qg6+ Kd8 56.Qxe4 Qc5 57.Qd3+ Kc7 58.Qd7+ Kb6 59.Qb7+ Ka5 
60.c7 f1=Q 61.c8=Q Qxc8 62.Qxc8 Qxh3 63.Qc5+ Ka6 64.Qxb4 Qf3 65.Qd6+ Kb7 
66.Qe7+ Kc8 67.Qe8+ Kb7 68.Qd7+ Ka6 69.Bd4 Qg2+ 70.Ka3 Qa8 71.Ka4 1-0